000 00988nam a2200313 a 4500
001 75145
003 BD-RjUL
005 20211209082643.0
008 190124s1966 enkab j 000 0 eng
035 _a(BD-RjUL)75363
035 _a(OCoLC)1401660
040 _aDLC
_cPWcC
_dOCoLC
_dUk
_dDLC
_dBD-RjUL
_beng
041 _aeng
042 _apremarc
082 _223
_a609
_bALG 1966
100 1 _aAllward, Maurice,
_d1923-
_9227360
245 1 0 _aGreat inventions of the world /
_cby Maurice Allward and Egon Larsen; illustrations by H. Bukor [and others].
260 _aLondon:
_bHamlyn,
_c1966.
300 _a4-93 p.
_bcol. illus., col. maps, tables, col. diagrs.
_c33 cm.
490 0 _aLearning with colour
500 _aIllus. on endpapers.
650 0 _aInventions
_xHistory.
_9227361
650 0 _aInventions
_vJuvenile literature.
_9227362
700 1 _aLarsen, Egon,
_d1904-
_9227367
942 _2ddc
_cBK
999 _c75145
_d75145